| 000 | 01217nam0a2200325 4500 | ||
|---|---|---|---|
| 001 | RU\NLR\bibl\1678453 | ||
| 005 | 20250616050705.0 | ||
| 010 | _a978-5-17-046483-8 | ||
| 035 | _a(NLR Aleph) 001669672 | ||
| 090 |
_a1033387 _c1033387 |
||
| 100 | _a20100927d2007 |||y0rusy50 ca | ||
| 101 | 1 |
_arus _ceng |
|
| 102 | _aRU | ||
| 105 | _aa ||||||||| | ||
| 200 | 1 |
_aСамые красивые и знаменитые площади мира _fавт. текста Мария Тереза Фераболи _g[пер. с англ. О.В. Сухаревой (мл.)] |
|
| 210 |
_aМосква _cАСТ _cАстрель _d2007 |
||
| 215 |
_a216 с. _cйв. ил. _d38 |
||
| 300 | _aПер. изд.: City squares of the world | ||
| 320 | _aБиблиогр.: с. 212 | ||
| 320 | _aУказатель: с. 212-215 | ||
| 454 | 0 |
_12001#$aCity squares of the world _tCity squares of the world |
|
| 606 | 1 |
_aГородские площади _92411738 _3RU\NLR\auth\661436898 |
|
| 686 | _aЩ118.209.7 | ||
| 700 | 1 |
_aФераболи _bМ. Т. _gМария Тереза _4070 |
|
| 801 | 0 |
_aRU _bNLR _c20100927 _gRCR |
|
| 801 | 1 |
_aRU _bNLR _c20100927 |
|
| 830 | _aавт. по кн. | ||
| 942 | _cBOOK | ||
| 980 | _aNB | ||